00739nam a2200241 a 4500001000400000003000500004005001700009008004100026020001500067040002000082100002300102245006500125250001400190260002700204300001100231490004200242650004000284650002500324650002800349942001300377999001300390952009400403967CDMR20131106102910.0130130s1987||||||||||||||||||||||||||||d a847652028X aCDMRbcatcCDMR1 aTubau, Iván949413aEl humor gráfico de la prensa del franquismocIván Tubau aEd. corr. aBarcelonac1987bMitre a278 p.0 aCiencias de la Comunicación (Mitre)0 93084aHumorisme gràficy1939-19750 9468aDiariszEspanya0 93164aPremsa satírica cMON2udc c967d967 00104070aCDMRbCDMRd2013-01-16l0oDi 5/20pCDMR13119397r2013-01-16w2013-01-16yMON